LIBRARY & INFORMATION CENTRE, KCAET, TAVANUR

ONLINE PUBLIC ACCESS CATALOGUE (OPAC)

Trasfer value of guided learning / (Record no. 11269)

MARC details
000 -LEADER
fixed length control field 00420cam a2200169ua 4500
041 ## - LANGUAGE CODE
Language code of text/sound track or separate title eng
082 ## - DEWEY DECIMAL CLASSIFICATION NUMBER
Classification number 370.1523
Item number CRA/TR
100 ## - MAIN ENTRY--AUTHOR NAME
Personal name Robert, C .
245 ## - TITLE STATEMENT
Title Trasfer value of guided learning /
260 ## - PUBLICATION, DISTRIBUTION, ETC. (IMPRINT)
Place of publication Newyork :
Name of publisher Bureau of publications ,
Year of publication 1953.
300 ## - PHYSICAL DESCRIPTION
Number of Pages 85 ; .

No items available.

free website counter